Ένα παιδί γεννιέται : οι περιπέτειες του μωρού μέσα στην κοιλιά της μητέρας του

Αποθηκεύτηκε σε:
Λεπτομέρειες βιβλιογραφικής εγγραφής
Κύριος συγγραφέας: Dolto-Tolitch, Catherine
Μορφή: Βιβλίο
Γλώσσα:Greek
Δημοσίευση: Αθήνα : Μαργαρίτα, 1987
Θέματα:
Ετικέτες: Προσθήκη ετικέτας
Δεν υπάρχουν, Καταχωρήστε ετικέτα πρώτοι!

MARC

LEADER 00000cam a2200000 i 4500
001 1/20296
008 930928s1987 gre d
035 |a 1989  |b 2  |c Δωρεά  |l 10035999 
040 |a GR-MY-UA  |b gre  |e aacr 
041 0 |a gre 
082 0 |a 612.63 
100 1 |a Dolto-Tolitch, Catherine. 
245 1 5 |a Ένα παιδί γεννιέται :   |b οι περιπέτειες του μωρού μέσα στην κοιλιά της μητέρας του /  |c Κατρίν Ντόλτο ; εικονογράφηση Φόλκερ Ταϊνχαρτ 
260 |a Αθήνα :   |b Μαργαρίτα,   |c 1987 
300 |a 59 σ. 
650 0 0 |a Childbirth  |x Juvenile literature. 
852 |a INST  |b RHODES  |e 19930928  |h 612.63 DOL  |p 005400002797  |q 005400002797  |t BK  |y 0 
909 |a Ρ  |b 014789  |c 1989